Economía y política del narcotráfico (Registro nro. 56)

Detalles MARC
000 -Cabecera
Campo de control de longitud fija 00694aam a2200277 4500
005 - Fecha y hora de la última transacción
Campo de control 20260306160955.0
008 - Elementos de longitud fija--Información general
Campo de control de longitud fija 150717b1990 xxu||||| |||| 00| 0 spa d
020 ## - International Standard Book Number
Número Internacional Estándar del Libro (ISBN) 9589061354
041 ## - Idioma
Código de idioma Español
082 ## - Clasificación Decimal Dewey
Número de clasificación 364.106 T646e
100 ## - Entrada principal--Autor personal
Nombre personal Tokatlian, Juan G
9 (RLIN) 14352
100 ## - Entrada principal--Autor personal
Nombre personal Bagley, Bruce M
9 (RLIN) 14353
245 ## - Título propiamente dicho
Título Economía y política del narcotráfico
260 ## - Pie de imprenta
Lugar de publicación, distribución, etc. Colombia
260 ## - Pie de imprenta
Nombre del editor, distribuidor, etc. Cerec
260 ## - Pie de imprenta
Fecha de publicación, distribución, etc. 1990
300 ## - Descripción física
Extensión 420 páginas
490 ## - Serie
Título de la Serie Investigación Criminal
650 ## - Materia general
Temática (materia general) DROGAS
650 ## - Materia general
Temática (materia general) CRIMEN ORGANIZADO
650 ## - Materia general
Temática (materia general) NARCOTRÁFICO
650 ## - Materia general
Temática (materia general) SEGURIDAD
650 ## - Materia general
Temática (materia general) ECONOMÍA ILEGAL
650 ## - Materia general
Temática (materia general) ECONOMÍA SUBTERRÁNEA
942 ## - Punto de acceso adicional KOHA
Tipo de ítem KOHA Libro
Fuente del sistema de clasificación o colocación Dewey Decimal Classification
Existencias
Signatura completa Código de barras Programa Académico Tipo de ítem
364.106 T646e 1084 Investigación Criminal Libro